| 000 | 00819cab a2200241 4500 | ||
|---|---|---|---|
| 001 | ABS54588 | ||
| 008 | 090401t1996 xxu||||| |||| 00| 0 eng d | ||
| 035 | _a(Sirsi) u11229 | ||
| 041 | _aeng | ||
| 100 | _aBaber, P. | ||
| 245 | _aAre ASCA orders getting out-of-touch? | ||
| 260 | _c1996 | ||
| 350 | _a0 | ||
| 490 |
_aPlanning Week _v4(9) 29 February 1996, 9(1) |
||
| 520 | _aAsks whether Areas of Special Control of Advertisements Orders are now out-dated, following the findings of Susan Hughes and Associates that only one third of planning authorities set up such controls. | ||
| 650 | _aADVERTISING HOARDINGS | ||
| 650 | _aADVERTISING | ||
| 650 | _aAREAS OF SPECIAL CONTROL OF ADVERTISEMENTS | ||
| 650 | _aPLANNING CONTROL | ||
| 690 | _aPLANNING LAW AND PRACTICE | ||
| 942 | _n0 | ||
| 948 | _c04/03/1997 | ||
| 999 |
_c7144 _d7144 |
||